Statistiques concernant Culture Générale - Série 2473

Cliquez ici pour prendre le quiz!

Statistiques générales

  • Ce quiz a été pris 105 fois
  • Le résultat moyen est 3 sur 10

Statistiques - réponses

QuestionRéponse% Correct
De quel pays est originaire le genre musical appelé "fado" ?Portugal
93%
Qui est l'auteur d’une des pièces les plus connues du théâtre français, Cyrano de Bergerac ? prénom et nomEdmond Rostand
64%
Ensemble de rides formant à l'angle externe de l'œil plusieurs sillons convergents ou type de carrefour formé par deux tronçons de route qui rejoignent un tronc commun. - 2 mots.patte d'oie
45%
De quel archipel fait partie l'île appelée "El hierro" ?Canaries
43%
Quel animal est appelé "étrille" ?crabe
34%
Quel arbre produit des faines ? voir photohêtre
30%
A quel pays appartiennent les îles Halligen ?Allemagne
14%
Dans quel sport excelle Henri Lacroix ?pétanque
9%
Tissu de coton grossier tissé en armure toile et, par extension, une banderolecalicot
2%
Adjectif signifiant "d'une excessive sévérité" "rigoureux"draconien
0%

Distribution des résultats

Percentile par nombre de réponses

% des personnes avec chaque résultat

Votre développement - résultats

Vous n’avez pas pris ce quiz